000 01209nam a22003497a 4500
003 CHAP
005 20220329135927.0
008 971013s1974 r 00010 d
010 _a44241
011 _a45213
035 _a49352
040 _cCHAP
090 _aTesis
100 0 0 _aTapia Rivera, José Luis.
_9111650
245 _aAnálisis químico y fenológico de tres variedades de nogal (Carya illinoensis Koch) en el municipio de Montemorelos, Nuevo León
260 _aMonterrey, N.L. :
_bEl autor,
_c1974
300 _a40 h.
502 _aTesis (Ing. Agrónomo) -- Univ. Autónoma de Nuevo León. Fac. de Agronomía
590 _aALEPH
_b10
_c20130110
_lUCH01
_h1313
590 _aBATCH-UPD
_b10
_c20130110
_lUCH01
_h0138
590 _aBATCH-UPD
_b10
_c20130110
_lUCH01
_h2141
590 _aBATCH-UPD
_b10
_c20130409
_lUCH01
_h2135
590 _aBATCH-UPD
_b10
_c20130410
_lUCH01
_h1450
590 _aBATCH-UPD
_b10
_c20130914
_lUCH01
_h1842
590 _aCONVERSION
_b10
_c20130109
_lUCH01
_h1324
650 1 4 _aNuez
_xComposición.
_982176
650 1 4 _aNuez
_xNuevo León.
_982187
650 1 4 _aNuez
_xVariedades.
_982192
901 _aBK
942 _cTESIS
949 _bBC
_cTES
_d-111370
_eTS1
_i49352
_si
999 _c44241
_d44241